| 000 | 00609nam a2200193 i 4500 | ||
|---|---|---|---|
| 001 | 50502 | ||
| 003 | ES-MaACL | ||
| 005 | 20250627063630.0 | ||
| 007 | t| | ||
| 008 | 030805s1972 sp ||||1| spa d | ||
| 100 | 1 |
_aCullmann, Oscar, _d1902-1999 _942150 |
|
| 245 | 1 | 0 |
_aVerdadero y falso ecumenismo _b: ecumenismo después del Concilio / _cOscar Cullmann ; traducción por Eloy Requena. |
| 260 |
_aMadrid : _bStudium, _c[1972] |
||
| 300 |
_a95 p. ; _c19 cm. |
||
| 650 | 0 | 4 |
_aEcumenismo. _912045 |
| 700 | 1 |
_aRequena, Eloy. _996289 |
|
| 852 |
_aES-MaACL _jC-50179 _bR.82022 |
||
| 999 |
_c50502 _d50502 |
||